| 000 | 00987nam a2200313Ia 4500 | ||
|---|---|---|---|
| 008 | 170712s9999 xx 000 0 und d | ||
| 020 | _a9718567283 | ||
| 050 | _a959.9 | ||
| 050 | _bS175 2000 | ||
| 100 | _aSalonga, Jovito R. | ||
| 245 | _aPresidential plunder : | ||
| 245 | _bthe quest for the Marcos ill-gotten wealth / | ||
| 245 | _cby Jovito R. Salonga. | ||
| 260 | _aPhilippines : | ||
| 260 | _bCenter for Leadership, Citizenship and Democracy, National College of Public Administration and Governance, University of the Philippines, | ||
| 260 | _c2000 | ||
| 300 | _a426 pages : | ||
| 300 | _billustrations ; | ||
| 300 | _c22cm. | ||
| 650 | _aCorruption (in politics) -- | ||
| 650 | _aMarcos, Ferdinand E. -- | ||
| 650 | _aPhilippines -- | ||
| 650 | _aPolitical corruption -- | ||
| 650 | _aTitle. | ||
| 650 | _x(Ferdinand Edralin). -- 1917-1989. | ||
| 650 | _xPhilippines. | ||
| 650 | _xPhilippines. | ||
| 650 | _xPolitics and government -- 1973-1986. | ||
| 999 |
_c340349 _d340349 |
||